01658 2200313 4500001002100000005001500021035002000036007000300056008004100059020002200100082000800122084001700130100001800147245009800165250001400263300003000277650001800307700003700325700002400362520077900386740001601165264004101181336002101222337003001243338002301273990001601296990001601312990001601328INLIS00000000004277920210728025054 a0010-0721000072ta210728 g | ind  a978-602-291-799-1 a823 aSR 823 KAH a0 aKahlil Gibran1 aAlmustafa /cKahlil Gibran; penerjemah, Sapardi Djoko Damono; penyunting, Dhewiberta Hardjono aCetakan 1 aviii,120 halaman ;c18 cm 4aFiksi Inggris0 aSapardi Djoko Damonoepenerjemah0 aDhewiberta Hardjono aTokoh di dalam buku ini, Almustafa, hendak kembali ke negerinya dengan menaiki sebuah kapal. Keberangkatannya tertunda oleh pertanyaan-pertanyaan tentang misteri kehidupan yang diajukan oleh penduduk kota. Wejangan-wejangan yang disampaikan oleh Almustafa bertujuan untuk memerdekakan pikiran siapa pun yang menyimaknya. Almustafa—yang dalam edisi bahasa Inggris berjudul The Prophet—adalah mahakarya Gibran yang telah menginspirasi banyak orang, termasuk penyair terbesar Indonesia, Sapardi Djoko Damono. Buku-buku Gibran memiliki peranan penting bagi Sapardi dalam berkarya. Buku ini pun diterjemahkan secara khusus oleh Sapardi, sehingga pembaca dapat menikmati buku yang telah menjadikan Kahlil Gibran sebagai salah seorang dari tiga penyair besar sepanjang masa. aThe prophet aYogyakarta :bBentang Pustaka,c2021 2rdacontentaTeks 2rdamediaaTanpa perantara 2rdacarrieraVolume a47611.60431 a47611.60431 a47611.60431